Directory of employment opportunities in Zambia for Copperbelt University graduates (Record no. 63579)

MARC details
000 -LEADER
fixed length control field 00765nam a2200229 a 4500
003 - CONTROL NUMBER IDENTIFIER
control field CBULib
005 - DATE AND TIME OF LATEST TRANSACTION
control field 20250522095714.0
008 - FIXED-LENGTH DATA ELEMENTS--GENERAL INFORMATION
fixed length control field 120416s1992 ||||||||||||||||| || u
040 ## - CATALOGING SOURCE
Original cataloging agency CBULib
Language of cataloging English
Transcribing agency CBULib
Description conventions rda
041 ## - LANGUAGE CODE
Language code of text/sound track or separate title eng
050 ## - LIBRARY OF CONGRESS CALL NUMBER
Classification number CBU(02)1992/1
100 ## - MAIN ENTRY--PERSONAL NAME
Personal name Silavwe, Geoffrey W
110 ## - MAIN ENTRY--CORPORATE NAME
9 (RLIN) 1351
Corporate name or jurisdiction name as entry element The Copperbelt University(CBU)
245 10 - TITLE STATEMENT
Title Directory of employment opportunities in Zambia for Copperbelt University graduates
Statement of responsibility, etc / by The Copperbelt University(CBU)
260 ## - PUBLICATION, DISTRIBUTION, ETC. (IMPRINT)
Place of publication, distribution, etc Kitwe :
Name of publisher, distributor, etc Copperbelt University,
Date of publication, distribution, etc 1992.
300 ## - PHYSICAL DESCRIPTION
Extent 64 pages
336 ## - CONTENT TYPE
Source rdacontent
Content type term Text |
Content type code txt
337 ## - MEDIA TYPE
Source rdamedia
Media type term Unmediated |
Media type code n
338 ## - CARRIER TYPE
Source rdacarrier
Carrier type term Volume
Carrier type code nc
650 #0 - SUBJECT ADDED ENTRY--TOPICAL TERM
9 (RLIN) 4600
Topical term or geographic name as entry element THE COPPERBELT UNIVERSITY--DIRECTORIES
942 ## - ADDED ENTRY ELEMENTS (KOHA)
Source of classification or shelving scheme
Koha item type UNIVERSITY COLLECTION
Holdings
Withdrawn status Lost status Source of classification or shelving scheme Damaged status Not for loan Permanent Location Current Location Date acquired Total Checkouts Full call number Barcode Date last seen Price effective from Koha item type Collection code Shelving location Source of acquisition Copy number
          CBU-MAIN LIBRARY, KITWE. CBU-MAIN LIBRARY, KITWE. 12/27/2022   HD 5710.5 Sil 022443 | 022495 | 02 12/27/2022 12/27/2022 MONOGRAPH        
          CBU-MAIN LIBRARY, KITWE. CBU-MAIN LIBRARY, KITWE. 12/27/2022   CBU(02)1992/1A B4979 05/22/2025 12/27/2022 UNIVERSITY COLLECTION Special Collections Special Collections DEP-CBU 2
          CBU-MAIN LIBRARY, KITWE. CBU-MAIN LIBRARY, KITWE. 12/27/2022   CBU(02)1992/1B B5003 05/22/2025 12/27/2022 UNIVERSITY COLLECTION Special Collections Special Collections DEP-CBU 3